000 00560cam a2200205 4500
001 B1793
008 090401t1988 xxu||||| |||| 00| 0 eng d
035 _a(Sirsi) u46472
041 _aeng
050 _a332.6725
110 _aDebenham Tewson and Chinnocks
_93135
245 _aWeighting for property: institutional investors survey 1988
260 _aLondon
_bDebenham Tewson and Chinnocks
_c1988
300 _a17p. ; 30cm.
350 _a10
650 _aINSTITUTIONAL INVESTMENT
650 _aPROPERTY INVESTMENT
942 _n0
948 _c04/03/1997
999 _c91928
_d91928